| 000 | 00575cam a2200145 i 4500 | ||
|---|---|---|---|
| 040 | _cDLC | ||
| 082 | 0 | 0 | _a334 SIA 1978 A107 Or. |
| 245 | 0 | 0 |
_aGroup farming in Asia : _bexperiences and potentials / |
| 260 |
_aSingapore : _bSingapore University Press, _cc1979. |
||
| 300 |
_axvi, 296 p. : _bill. ; _c24 cm. |
||
| 500 | _a"Based on papers presented at a conference sponsored by the Regional Research and Training Programme of the Agricultural Development Council in Singapore on 22-24 August 1977." | ||
| 650 | 0 | _aAgriculture, Cooperative | |
| 700 | 1 | _aWong, John, | |
| 942 | _cEK | ||
| 999 |
_c16702 _d16702 |
||